| 000 | 01578cad a22002535a 4500 | ||
|---|---|---|---|
| 001 | L140369 | ||
| 008 | 070919s2007 xxk f f000 0 eng d | ||
| 035 | _a(Sirsi) u140369 | ||
| 041 | 0 | _aeng | |
| 050 | 0 | 4 | _a696.1 $2 18 |
| 110 | 1 |
_aUnited Kingdom _bDepartment for Communities and Local Government _94939 |
|
| 245 | 0 | 0 |
_aWater efficiency in new buildings _ba joint Defra and Communities and Local Government policy statement _h[electronic resource] |
| 260 |
_aLondon _bDCLG _c2007 |
||
| 520 | _aSummarises the key issues brought up in the responses to the consultation "Water efficiency in new buildings" (L135934), and outlines government's proposals to implement minimum standards of water efficiency in new homes and new workplaces. These include amending the Building Regulations in 2008 to set a whole building performance standard for homes at 125 l/p/d and revising the Water Supply (Water Fittings) Regulations 1999 to set new performance standards for key fittings. | ||
| 590 | _aKA | ||
| 650 | 2 | 4 | _aWATER SUPPLY (WATER FITTINGS) REGULATIONS 1999 |
| 650 | 2 | 4 | _aBUILDING REGULATIONS 2000 |
| 651 | 4 |
_aEngland and Wales _y1543- |
|
| 690 | _aBUILT ENVIRONMENT-BUILDING ELEMENTS-COMPLETE BUILDING SERVICES ELEMENTS-COMPLETE WATER SUPPLY SYSTEMS | ||
| 690 | _aBUILT ENVIRONMENT-BUILDING STANDARDS | ||
| 710 | 2 |
_aUnited Kingdom _bDepartment for Environment, Food and Rural Affairs |
|
| 856 | 4 | 0 |
_uhttps://www.communities.gov.uk/documents/planningandbuilding/pdf/WaterEfficiencyNewBuildings.pdf _zView the item free of charge at www.communities.gov.uk... |
| 942 | _n0 | ||
| 999 |
_c107493 _d107493 |
||